000 01190nam0a2200289 4500
001 RU\NLR\bibl\1072292
005 20260405193008.0
010 _a5-94849-687-2
_92500
035 _a(NLR Aleph) 001059517
090 _a929618
_c929618
100 _a20070412d2006 |||y0rusy50 ca
101 0 _arus
102 _aRU
105 _aa |||||||||
200 1 _aВеликие художники Нидерландов XV-XVII вв.
_e[альбом
_fтекст и сост. А.Ю. Королевой]
210 _aМосква
_cОЛМА-ПРЕСС Образование
_cОЛМА МЕДИА ГРУПП
_d2006
215 _a143 с.
_cцв. ил.
_d31
225 1 _aМастера европейской живописи
606 0 _aЖивопись нидерландская
_jАльбомы
_z15 - 17 вв.
_92370611
_3RU\NLR\auth\661414999
686 _aЩ143(4Н)4я61
702 1 _4220
_7ca
_8rus
_aКоролева
_bА. Ю.
_cканд. искусствоведения
_gАнастасия Юрьевна
_967775
_3RU\NLR\auth\7784847
801 0 _aRU
_bNLR
_c20070412
_gRCR
801 1 _aRU
_bNLR
_c20070412
830 _aсост. по кн.
942 _cBOOK
980 _aNB